Statistics for Worst country to be a woman in?

Click here to take the quiz!

General Stats

  • This quiz has been taken 162 times
  • The average score is 7 of 10

Answer Stats

Danger #CountryWhy?% Correct
5.Saudi Arabia"(poor/no) economic access, discrimination, including in the workplace and in terms of property rights, cultural and religious practices"
85%
1.India"sexual violence and harassment, cultural and traditional practices, human trafficking including forced labor, sex slavery and domestic servitude"
77%
3.Syria"(poor/no) access to healthcare, non-sexual violence incl. conflict-related violence as well as domestic abuse, sexual abuse"
75%
6.Pakistan"(poor/no) economic resources, discrimination, cultural, religious and traditional practices incl. so-called honor killings, non-sexual violence, including domestic abuse"
73%
2.Afghanistan"non-sexual violence, (poor/no) access to healthcare, and (poor/no) access to economic resources"
70%
8.Yemen"(poor/no) access to healthcare, economic resources, cultural and traditional practices, and non-sexual violence"
64%
4.Somalia"(poor/no) access to healthcare, harmful cultural and traditional practices, (poor/no) access to economic resources"
62%
9.Nigeria"human trafficking, traditional practices"
58%
7.Democratic Republic of Congo"“hellish living conditions” after years of factional bloodshed and lawlessness, sexual violence"
51%
10.United States"sexual violence, including rape, sexual harassment, coercion into sex and a lack of access to justice in rape cases"
45%

Score Distribution

Percentile by Number Answered

Percent of People with Each Score

Your Score History

You have not taken this quiz